000 00293nam a2200145Ia 4500
100 _aKeogh/James
942 _cBK
654 _aJ2ME
245 _aJ2ME:Complete Reference
260 _bTata Mc Graw hill
_c2003
082 _a5.133
_bKEO
300 _a758
546 _aENGLISH
999 _c23767
_d23767